00915nam a2200181 i 4500001000700000003000900007005001700016008004100033245004000074260004000114300002100154490018500175600003600360600003000396650003200426830018500458852009000643182382ES-MaACL20240424091328.0130807q19201930sp |||| | spa d00aPoetas líricos románticos. pI. aMadrid : bBruno del Amo, c[192-?] a94 p. ; c16 cm.1 aLetras españolas: colección de obras selectas de nuestros autores clásicos / publicado bajo la dirección de Juan Hurtado y J. de la Serna y Angel González Palencia ; v1614aHurtado y J. de la Serna, Juan.04aGonzalea Palencia, Angel. 4aPoesía española-yS.XIX0 aLetras españolas: colección de obras selectas de nuestros autores clásicos / publicado bajo la dirección de Juan Hurtado y J. de la Serna y Angel González Palencia ; v16 aES-MaACLj2321-F-7 z.- Donat. herederos de la bibl. de Mª del Pilar Costa Palacín